Welcome to the Holygrace Academy Library

Please use search bar below to get started

PLEASE MRS BUTLER (Record no. 4014)

MARC details
000 -LEADER
fixed length control field 00241nam a22001217a 4500
082 ## - DEWEY DECIMAL CLASSIFICATION NUMBER
Classification number 821
Item number AHL/P
100 ## - MAIN ENTRY--AUTHOR NAME
Personal name AHLBERG,ALLAN
245 ## - TITLE STATEMENT
Title PLEASE MRS BUTLER
260 ## - PUBLICATION, DISTRIBUTION, ETC. (IMPRINT)
Place of publication LONDON
Name of publisher PUFFIN BOOKS
300 ## - PHYSICAL DESCRIPTION
Number of Pages 93
650 ## - SUBJECT ADDED ENTRY--TOPICAL TERM
Topical Term POEMS
942 ## - ADDED ENTRY ELEMENTS (KOHA)
Koha item type Books
Holdings
Withdrawn status Lost status Collection code Home library Current library Shelving location Date acquired Source of acquisition Full call number Accession Number Koha item type
    Non-fiction Main Library Main Library SHELF-16D -ENGLISH GRAMMAR ,POEMS 10/10/2032 PURCHASE 821 AHL/P 10746 Books